00941nam a2200253 i 450000100060000000300090000600500170001500700030003200800410003508000200007610000380009624501130013426000420024730000390028949000330032865000600036165000190042165000170044070000280045783000410048585200220052699900170054895201220056596040ES-MaACL20250824091749.0t|050609s1969 sp f ||||1| spa d a639.1/.2(399.7)1 aMadariaga, Juan José de.97528713aLa caza y la pesca al descubrirse América / cJuan José de Madariaga ; prólogo de la Duquesa de Maura. aMadrid : bPrensa Española, c1969. a170 p., 3 h., 15 lám. ; c21 cm.1 aColección "Los Tres Dados" 4aIndios de América del Sur-xUsos y costumbres.913683 4aPesca.9136688 4aCaza.9108571 aMaura, Gabriela91554050 aColección "Los Tres Dados"9181995 aES-MaACLjC-49850 c96040d96040 00104070aATENEOMbATENEOMcDEPO2d2008-01-17eSCl0oC-49850p1100275r2023-02-23 00:00:00w2023-02-23yMONOGRAFIA